La religión gnóstica (Record no. 183093)

MARC details
000 -LEADER
campo de control de longitud fija 00925nam a2200253 i 4500
001 - NÚMERO DE CONTROL
campo de control 183093
003 - IDENTIFICADOR DE NÚMERO DE CONTROL
campo de control ES-MaACL
005 - FECHA Y HORA DE LA ÚLTIMA TRANSACCIÓN
campo de control 20250813060904.0
008 - DATOS DE LONGITUD FIJA--INFORMACIÓN GENERAL
campo de control de longitud fija 140115s2000 sp | |||| ||spa d
020 ## - NÚMERO INTERNACIONAL ESTÁNDAR DEL LIBRO
Número Internacional Estándar del Libro 84-7844-492-0
080 ## - NÚMERO DE LA CLASIFICACIÓN DECIMAL UNIVERSAL
Número de la Clasificación Decimal Universal 273.1
100 1# - ENTRADA PRINCIPAL--NOMBRE DE PERSONA
Nombre de persona Jonas, Hans.
9 (RLIN) 66820
245 13 - MENCIÓN DEL TÍTULO
Título La religión gnóstica
Resto del título : el mensaje del Dios extraño y los comienzos del cristianismo /
Mención de responsabilidad, etc. Hans Jonas ; prólogo de José Montserrat Torrents ; traducción de Menchu Gutiérrez.
260 ## - PUBLICACIÓN, DISTRIBUCIÓN, ETC.
Lugar de publicación, distribución, etc. Madrid :
Nombre del editor, distribuidor, etc. Siruela,
Fecha de publicación, distribución, etc. [2000]
300 ## - DESCRIPCIÓN FÍSICA
Extensión 415 p. ;
Dimensiones 22 cm.
490 1# - MENCIÓN DE SERIE
Mención de serie El árbol del paraíso ;
Designación de volumen o secuencia 21
504 ## - NOTA DE BIBLIOGRAFÍA, ETC.
Nota de bibliografía, etc. Bibliografía: p. 387-411.
650 14 - PUNTO DE ACCESO ADICIONAL DE MATERIA--TÉRMINO DE MATERIA
Término de materia o nombre geográfico como elemento de entrada Gnosticismo.
9 (RLIN) 136192
700 0# - ENTRADA AGREGADA--NOMBRE PERSONAL
Nombre de persona Montserrat Torrents, José.
9 (RLIN) 82748
700 1# - ENTRADA AGREGADA--NOMBRE PERSONAL
Nombre de persona Gutiérrez, Menchu,
Fechas asociadas al nombre 1957-
9 (RLIN) 61070
830 03 - PUNTO DE ACCESO ADICIONAL DE SERIE-TÍTULO UNIFORME
Título uniforme El árbol del paraíso
Designación de volumen o secuencia 21
9 (RLIN) 179942
852 ## - LOCALIZACIÓN
Ubicación ES-MaACL
Número de control de estantería L-29904
Nota libre .- Donat. Miguel A. Velasco
Holdings
Estatus retirado Estado de pérdida Estado de daño No para préstamo Biblioteca de origen Biblioteca actual Ubicación en estantería Fecha de adquisición Fuente de adquisición Total de préstamos Signatura topográfica completa Código de barras Visto por última vez Precio de reemplazo Tipo de ítem Koha
        Biblioteca del Ateneo de Madrid Biblioteca del Ateneo de Madrid Depósito 2 15/01/2014     L-29904 1192432 23/02/2023 23/02/2023 Libro impreso